| 000 | 00512nam a22001457a 4500 | ||
|---|---|---|---|
| 003 | OSt | ||
| 005 | 20150908171208.0 | ||
| 008 | 150908b xxu||||| |||| 00| 0 eng d | ||
| 040 | _cRUA | ||
| 082 | _aAGR ភាវ 1993 B008 Or.1 | ||
| 100 |
_9178 _aភាវ សុវុធ្ឋី |
||
| 245 | _aភាពក្រីក្រ និងតំរូវការឥណទានរបស់ប្រជាកសិករនៅភូមិត្រពាំងនំ | ||
| 300 |
_a77p. _cill. _g29cm. |
||
| 942 |
_2ddc _cAGR |
||
| 999 |
_c159 _d159 |
||